000 00460nam a2200169Ia 4500
003 LK-CoDNM
005 20240807100643.0
008 010623t1863 xxu||||| |||| 00| 1 eng d
040 _aLK-CoDNM
_dLK-CoDNM
_eLK-CoDNM
041 _aeng
080 _a16
_bP12
100 _aScherzer,Karl.
245 _aNarrative of the Circumnavigation of the Globe : Novara
260 _bSaunders,Otley and Company
_aLondon
_c1863
300 _bvi, 544p ; 26 cm
942 _cBK
999 _c81553
_d81553